000
00263nam a2200097Ia 4500
082
_a
EF ALLI
245
0
_a
The secret life of Evie Hamilton
100
_a
ALLIOTT, Catherine London, 2009
_9
75824
942
_c
BK
008
210817s9999 xx 000 0 und d
999
_c
251146
_d
251145